| 000 | 00772nam a2200205Ii 4500 | ||
|---|---|---|---|
| 003 | JO-AjNU | ||
| 008 | 230605s9999||||xx |||||||||||||| ||und|| | ||
| 017 | _a2006/5/1085 | ||
| 040 |
_aJO-AjNU _bara _erda _cJO-AjNU |
||
| 041 | _aara | ||
| 050 | 1 | 4 | _aLC3993.A4784 2007 |
| 100 | 3 |
_aعامر،طارق عبد الرؤوف محمد, _eauthor _926040 |
|
| 245 | 0 | 0 | _aدراسات في التفوق والموهبة والإبداع والإبتكار |
| 264 | 3 | 1 | _aعمان:دار اليازوري،2007 |
| 300 | _a232ص | ||
| 336 |
_atext _btxt _2rdacontent |
||
| 337 |
_aunmediated _bn _2rdamedia |
||
| 338 |
_avolume _bnc _2rdacarrier |
||
| 650 | 4 |
_aالطلبة الموهوبون-تعليم-الإبداع في التعليم-علم النفس التربوي _926041 |
|
| 999 |
_aA9817 _c13385 _d13385 |
||